Riconosci la Squadra di calcio - Quiz n°245 - Statistics

Statistiche generali
  • Questo quiz è stato fatto 2 volte
  • Il punteggio medio è 4 su 9
Statistiche sulle risposte
Indizio Risposta % Corretto
Titoli nazionali 3 Campionati austriaci1 Campionato amatoriale austriaco
100%
Colori sociali Bianco, nero
100%
Confederazione UEFA
100%
Capienza Stadio 16 800 posti
50%
Trofei internazionali 0
0%
Fondazione 1909
0%
Trofei nazionali 6 ÖFB-Cup 3 ÖFB-Supercup
0%
Divisione nazionale 2023-2024 Prima
0%
Squadra Sturm Graz
0%
Nessun quiz corrispondente trovato
Distribuzione punteggi
Percentuale di utenti per punteggio
Percentile per numero di risposta
I tuoi punteggi nel tempo
Non hai fatto questo quiz